<?xml version="1.0" encoding="UTF-8"?><collection xmlns="info:lc/xmlns/marcxchange-v2"><record format="Unimarc" type="bibliographic"><leader>00549cam  22002051  450 </leader><controlfield tag="001">1900144</controlfield><controlfield tag="003">http://id.bnportugal.gov.pt/bib/porbase/1900144</controlfield><controlfield tag="005">20030511055000.0</controlfield><datafield ind1=" " ind2=" " tag="010"><subfield code="a">0-387-96254-9</subfield></datafield><datafield ind1=" " ind2=" " tag="035"><subfield code="3">77222</subfield></datafield><datafield ind1=" " ind2=" " tag="095"><subfield code="a">PTBN00402383</subfield></datafield><datafield ind1=" " ind2=" " tag="100"><subfield code="a">19900205d1986    k  y0pory0103    ba</subfield></datafield><datafield ind1="1" ind2=" " tag="101"><subfield code="a">eng</subfield><subfield code="c">lat</subfield></datafield><datafield ind1=" " ind2=" " tag="102"><subfield code="a">US</subfield></datafield><datafield ind1="1" ind2=" " tag="200"><subfield code="a">Disquisitiones arithmeticae</subfield></datafield><datafield ind1=" " ind2=" " tag="210"><subfield code="a">New York</subfield><subfield code="c">Springer-Verlag</subfield><subfield code="d">1986</subfield></datafield><datafield ind1=" " ind2=" " tag="215"><subfield code="a">XX, 472 p.</subfield></datafield><datafield ind1=" " ind2=" " tag="675"><subfield code="a">511</subfield><subfield code="v">BN</subfield><subfield code="z">por</subfield><subfield code="3">295052</subfield></datafield><datafield ind1=" " ind2="1" tag="700"><subfield code="a">Gauss</subfield><subfield code="b">Carl Friedrich</subfield><subfield code="3">512934</subfield></datafield><datafield ind1=" " ind2="0" tag="801"><subfield code="a">PT</subfield><subfield code="b">BN</subfield><subfield code="g">RPC</subfield></datafield><datafield ind1=" " ind2=" " tag="977"><subfield code="1">MT-01-50</subfield><subfield code="2">coop</subfield><subfield code="4">UAVSD</subfield><subfield code="6">mq610384</subfield><subfield code="7">bc</subfield><subfield code="8">coop</subfield><subfield code="9">UAVSD</subfield><subfield code="b">55493</subfield><subfield code="k">0</subfield></datafield><datafield ind1=" " ind2=" " tag="998"><subfield code="a">UAVS8-174</subfield></datafield></record></collection>